Countries that Banned Christmas - Statistics

General Stats
  • This quiz has been taken 804 times
    483 since last reset
  • The average score is 5 of 10
Answer Stats
When Country % Correct
current North Korea
83%
1929-1935 Soviet Union
82%
current Saudi Arabia
77%
current Afghanistan
73%
1647-1660 England
53%
current Somalia
52%
1962-1997 Cuba
48%
current Brunei
31%
1967-1991 Albania
27%
current Tajikistan
21%
No matching quizzes found
Score Distribution
Percent of People with Each Score
Percentile by Number Answered
Your Score History
You have not taken this quiz since the last reset